000 00747nam a2200301Ia 4500
008 180313s9999 xx 000 0 und d
020 _a9780545872461
050 _bGS FIC S857ca 2016 bk 10
100 _aStilton, Geronimo
245 _aCavemice :
245 _bmy autosaurus will win! /
245 _cby Geronimo Stilton.
260 _aNew York, New York :
260 _bScholastic Inc.,
260 _c2016
300 _a113 pages :
300 _bcolored illustrations ;
300 _c19cm.
440 _aCavemice ;
440 _v10
650 _aMice --
650 _aStilton, Geronimo --
650 _xFiction.
650 _xGraphic novel.
650 _xJuvenile fiction.
700 _aSeries.
700 _aTitle.
999 _c356242
_d356242